| 000 | 00408cam a2200181ua 4500 | ||
|---|---|---|---|
| 020 | _c1.25 | ||
| 041 |
_amal _h |
||
| 082 |
_a894.812 308 _bKOV/TH |
||
| 100 | _aKovilan, . | ||
| 245 |
_aTharavadu / _cKovilan. _hTextual Documents |
||
| 250 |
_a1 / _b. |
||
| 260 |
_aThrissur : _bCurrent Books , _c1963. |
||
| 300 | _a54 ; . | ||
| 365 | _a1.25 | ||
| 504 | _a | ||
| 942 | _cBK | ||
| 999 |
_c1220 _d1220 |
||